| 000 | 00452nam a2200133Ia 4500 | ||
|---|---|---|---|
| 008 | 190925s9999 xx 000 0 und d | ||
| 020 | _a971-758-071-5 | ||
| 100 | _aRivera, Lourdes Santos | ||
| 245 |
_cLourdes S. Rivera.-- _aGuru of meat processing in the Philippines / |
||
| 260 |
_aQuezon City : _bChristian Publishing _c2003 |
||
| 300 |
_a167 pages : _bblack & white illustrations |
||
| 500 | _aIncludes bibliography. | ||
| 650 | _aMeat -- processing | ||
| 999 |
_c362226 _d362226 |
||